GIS vo vodnom hospodárstve : Zborník referátov zo seminára,Bratislava,14.11.2006/CD-ROM

Salvato in:
Dettagli Bibliografici
Natura: Libro
Lingua:slovacco
Pubblicazione: Bratislava : STU v Bratislave, 2006
Tags: Aggiungi Tag
Nessun Tag, puoi essere il primo ad aggiungerne!!

MARC

LEADER 00000nam a22000003a 4500
001 stu133060
005 20150408163125.7
008 061220s2006----xo------------------slo-d
020 |a 80-969586-3-1 
040 |a STU  |b slo 
041 0 |a slo 
044 |a xo 
245 |a GIS vo vodnom hospodárstve :  |b Zborník referátov zo seminára,Bratislava,14.11.2006/CD-ROM 
260 |a Bratislava :  |b STU v Bratislave,  |c 2006 
996 |b 284V018069  |c V*285/A  |l VVT  |s A  |a 24  |w stu133060_0001